500 Most Famous Artists - Statistics

General Stats
  • This quiz has been taken 462 times
    216 since last reset
  • The average score is 124 of 500
Answer Stats
Artist/Band % Correct
Michael Jackson
86%
The Beatles
85%
50 Cent
81%
Taylor Swift
80%
Beyonce
78%
A-ha
76%
Elton John
76%
Eminem
76%
Justin Bieber
76%
Queen
76%
Pink
75%
Rihanna
71%
Drake
70%
Lady Gaga
70%
Madonna
70%
Elvis Presley
68%
George Michael
66%
Ariana Grande
65%
Kanye West
65%
Katy Perry
65%
Metallica
65%
Bruno Mars
64%
Jay-Z
64%
Nirvana
64%
The Rolling Stones
63%
Mariah Carey
61%
Nicki Minaj
61%
Sabrina Carpenter
61%
ABBA
60%
Britney Spears
59%
Coldplay
59%
John Lennon
59%
ACDC
58%
Sam Smith
58%
The Weeknd
58%
Justin Timberlake
57%
Shakira
57%
Whitney Houston
57%
Kendrick Lamar
56%
Prince
56%
Adele
55%
Céline Dion
55%
Selena Gomez
54%
Snoop Dogg
54%
Frank Sinatra
53%
Pink Floyd
53%
Backstreet Boys
52%
Bad Bunny
52%
Chris Brown
52%
Harry Styles
52%
Miley Cyrus
52%
One Direction
52%
U2
52%
Cardi B
51%
Ed Sheeran
51%
Billie Eilish
50%
Maroon 5
50%
Patti Smith
50%
Bob Dylan
49%
Guns N Roses
49%
Al Green
48%
Billy Joel
48%
Calvin Harris
48%
Christina Aguilera
48%
Pharrell Williams
48%
The Notorious BIG
48%
Tina Turner
48%
Eagles
47%
Jennifer Lopez
47%
Led Zeppelin
47%
Tupac
47%
Olivia Rodrigo
46%
Red Hot Chili Peppers
46%
The Police
46%
Bruce Springsteen
45%
Robbie Williams
45%
Alicia Keys
44%
BB King
44%
Black Eyed Peas
44%
David Bowie
44%
Green Day
44%
Journey
44%
Lil Nas X
44%
Oasis
44%
Usher
44%
Wham
44%
Aretha Franklin
43%
Kiss
43%
Neil Young
43%
The Beach Boys
43%
Travis Scott
43%
Aerosmith
42%
Barry White
42%
Black Sabbath
42%
Bob Marley
42%
Dr Dre
42%
Dua Lipa
42%
Fleetwood Mac
42%
Ricky Martin
42%
Amy Winehouse
41%
Bon Jovi
41%
BTS
41%
Cher
41%
Dolly Parton
41%
Kelly Clarkson
41%
Paul Simon
41%
Sean Paul
41%
Sia
41%
Phil Collins
40%
The Smiths
40%
Bee Gees
39%
Diddy
39%
James Brown
39%
Jimi Hendrix
39%
Kesha
39%
Lil Wayne
39%
Linkin Park
39%
Pitbull
39%
Tyler The Creator
39%
Foo Fighters
38%
Lana Del Rey
38%
Marvin Gaye
38%
NSYNC
38%
Ozzy Osbourne
38%
Shawn Mendes
38%
Stevie Wonder
38%
Arctic Monkeys
37%
Diana Ross
37%
The Who
36%
Blackpink
35%
Blink-182
35%
Camila Cabello
35%
Johnny Cash
35%
The Doors
35%
The Jackson 5
35%
Blondie
34%
Blur
34%
Bryan Adams
34%
Daft Punk
34%
Destiny's Child
34%
Imagine Dragons
34%
Pearl Jam
34%
Simon & Garfunkel
34%
The Cranberries
34%
The Cure
34%
The White Stripes
34%
Cyndi Lauper
33%
Eric Clapton
33%
Sex Pistols
33%
Van Halen
33%
Avril Lavigne
32%
Ramones
32%
REM
32%
Boston
31%
Chuck Berry
31%
David Guetta
31%
Demi Lovato
31%
Chic
30%
Doja Cat
30%
Enrique Iglesias
30%
Frank Ocean
30%
Genesis
30%
Gwen Stefani
30%
Iggy Pop
30%
Iron Maiden
30%
Kylie Minogue
30%
Post Malone
30%
SZA
30%
TOTO
30%
Alice Cooper
29%
Billy Idol
29%
Buddy Holly
29%
Gorillaz
29%
Lionel Richie
29%
Nelly
29%
Ray Charles
29%
The Clash
29%
Weezer
29%
Avicii
28%
Creedence Clearwater Revival
28%
Donna Summer
28%
Tears For Fears
28%
Eurythmics
27%
Ice Cube
27%
Janis Joplin
27%
Lynyrd Skynyrd
27%
Nas
27%
One Republic
27%
Santana
27%
The Kinks
27%
XXX Tentacion
27%
Charlie Puth
26%
Deep Purple
26%
Lewis Capaldi
26%
No Doubt
26%
Rod Stewart
26%
Soundgarden
26%
Talking Heads
26%
The Killers
26%
The Smashing Pumpkins
26%
The Supremes
26%
Bjork
25%
Cream
25%
Def Leppard
25%
Depeche Mode
25%
Dire Straits
25%
DJ Khaled
25%
Earth Wind & Fire
25%
Louis Armstrong
25%
Miles Davis
25%
Neil Diamond
25%
Nelly Furtado
25%
Nickelback
25%
Outkast
25%
Roddy Ricch
25%
The Animals
25%
Tom Petty
25%
Van Morrison
25%
Wiz Khalifa
25%
Duran Duran
24%
INXS
24%
Little Richard
24%
NWA
24%
The Mamas & The Papas
24%
Timbaland
24%
Zara Larsson
24%
ZZ Top
24%
Alice in Chains
23%
Halsey
23%
Korn
23%
Lauryn Hill
23%
Rammstein
23%
Sade
23%
Slipknot
23%
System of a Down
23%
The Cars
23%
Culture Club
22%
Daddy Yankee
22%
Evanescence
22%
Jason Derulo
22%
Judas Priest
22%
Kings of Leon
22%
Rage Against The Machine
22%
America
21%
ASAP Rocky
21%
Beastie Boys
21%
Electric Light Orchestra
21%
Flo Rida
21%
Lou Reed
21%
Peter Gabriel
21%
The Velvet Underground
21%
Twenty One Pilots
21%
21 Savage
20%
Coolio
20%
Dababy
20%
Europe
20%
Hozier
20%
Joan Jett
20%
Juice WRLD
20%
Motorhead
20%
Muse
20%
Scorpions
20%
The Chainsmokers
20%
The Strokes
20%
The Temptations
20%
Train
20%
Barbra Streisand
19%
Buffalo Springfield
19%
Carly Rae Jepsen
19%
Dusty Springfield
19%
Ellie Goulding
19%
Motley Crue
19%
Pixies
19%
Seal
19%
Tame Impala
19%
Chappell Roan
18%
Deftones
18%
J Balvin
18%
Lil Peep
18%
Lil Uzi Vert
18%
Lizzo
18%
New Order
18%
Otis Redding
18%
Pantera
18%
Sam Cooke
18%
Future
17%
Heart
17%
John Legend
17%
Macklemore
17%
Meghan Trainor
17%
Michael Buble
17%
Roy Orbison
17%
The Bangles
17%
Blue Oyster Cult
16%
DJ Snake
16%
Gotye
16%
Ice Spice
16%
Joy Division
16%
Kansas
16%
Khalid
16%
Leonard Cohen
16%
Morgan Wallen
16%
PSY
16%
Rick Astley
16%
Simple Minds
16%
Supertramp
16%
Survivor
16%
Tate McRae
16%
The Goo Goo Dolls
16%
The Neighbourhood
16%
The Pussycat Dolls
16%
The Verve
16%
Wu-Tang Clan
16%
Zach Bryan
16%
Akon
15%
Alan Walker
15%
Alex Warren
15%
Franz Ferdinand
15%
Jessie J
15%
LMFAO
15%
Marilyn Manson
15%
Pet Shop Boys
15%
PinkPantheress
15%
The Doobie Brothers
15%
The Offspring
15%
Childish Gambino
14%
Dido
14%
Gloria Gaynor
14%
J Cole
14%
Jennie
14%
Karol G
14%
Kool & The Gang
14%
Maneskin
14%
Men At Work
14%
Nina Simone
14%
The Black Keys
14%
Bill Withers
13%
Cigarettes After Sex
13%
Jefferson Airplane
13%
Lil Baby
13%
Mac Miller
13%
Marshmello
13%
Simply Red
13%
The Ronettes
12%
Ava Max
11%
Central Cee
11%
George Benson
11%
John Denver
11%
Kali Uchis
11%
Kim Wilde
11%
Linda Ronstadt
11%
Migos
11%
Nena
11%
Playboi Carti
11%
Shaggy
11%
Steppenwolf
11%
The Kid Laroi
11%
Tyga
11%
UB40
11%
Bebe Rexha
10%
Don Toliver
10%
James Blunt
10%
Madness
10%
Maluma
10%
Metro Boomin
10%
The Human League
10%
The Lumineers
10%
T-Rex
10%
Audioslave
9%
Boney M
9%
Disturbed
9%
Florence + The Machine
9%
Jimmy Cliff
9%
Joe Cocker
9%
John Coltrane
9%
Kid Cudi
9%
Luis Fonsi
9%
Queens of the Stone Age
9%
Tom Odell
9%
TV Girl
9%
Clean Bandit
8%
Fatboy slim
8%
Foster The People
8%
Jack Harlow
8%
Kenny Loggins
8%
Kraftwerk
8%
Lil Pump
8%
Roxy Music
8%
Skrillex
8%
Bastille
7%
Benson Boone
7%
Edith Piaf
7%
Frankie Goes to Hollywood
7%
Glass Animals
7%
James Arthur
7%
Keane
7%
Lil Yachty
7%
Major Lazer
7%
Martin Garrix
7%
MGMT
7%
Ozuna
7%
SNAP
7%
Soft Cell
7%
Talk Talk
7%
The Cardigans
7%
Young Thug
7%
Busta Rhymes
6%
Dexys Midnight Runners
6%
Gracie Abrams
6%
Kodak Black
6%
Lil Tecca
6%
Moby
6%
Placebo
6%
Portishead
6%
Rauw Alejandro
6%
Steve Lacy
6%
Taio Cruz
6%
The Sugarhill Gang
6%
Tiesto
6%
Bronski Beat
5%
Curtis Mayfield
5%
Fetty Wap
5%
French Montana
5%
Jeff Buckley
5%
Lola Young
5%
Offset
5%
Rick Ross
5%
Stromae
5%
Gunna
4%
Kim Carnes
4%
Lenny Kravitz
4%
Lil Durk
4%
Mac DeMarco
4%
Teddy Swims
4%
Tracy Chapman
4%
Anderson Paak
3%
Anuel AA
3%
Aya Nakamura
3%
Ben E King
3%
Chris Isaak
3%
G Eazy
3%
Jamiroquai
3%
Kygo
3%
Mobb Deep
3%
Phoenix
3%
Pop Smoke
3%
The Stranglers
3%
Trippie Redd
3%
Afrojack
2%
Alphaville
2%
Avenged Sevenfold
2%
Derek & The Dominos
2%
Don Omar
2%
Empire of the Sun
2%
Fisher
2%
Gims
2%
Inna
2%
Irene Cara
2%
M83
2%
Manu Chao
2%
Meek Mill
2%
Mike Posner
2%
Robin Schulz
2%
Sixnine
2%
Swedish House Mafia
2%
Armin Van Buuren
1%
Bob Sinclar
1%
Burna Boy
1%
Capital Cities
1%
Charles Aznavour
1%
Dalida
1%
Dimitri Vegas
1%
Feid
1%
Modern Talking
1%
Nicky Jam
1%
Polo G
1%
Bryan Ferry
0%
Chris Stapleton
0%
Current Joys
0%
Daryll Hall And John Oates
0%
Eric Prydz
0%
Giorgio Moroder
0%
Gipsy Kings
0%
Joe Dassin
0%
John Newman
0%
Jorja Smith
0%
Kavinsky
0%
Kungs
0%
Martin Solveig
0%
Michael Sembello
0%
Ofenbach
0%
Orchestral Manoeuvres in the Dark
0%
Peso Pluma
0%
Ray Dalton
0%
Robert Palmer
0%
No matching quizzes found
Score Distribution
Percent of People with Each Score
Percentile by Number Answered
Your Score History
You have not taken this quiz since the last reset